Viacrozmerná analýza zamestnanosti, vzdelanosti a príjmov v high-tech odvetviach krajín EÚ

Analýza zamestnanosti, vzdelanosti a príjmov v high-tech technologických sektoroch krajín EÚ, so zameraním na rozdiely medzi pohlaviami, pomocou základných štatistických charakteristík a s aplikáciou vhodných viacrozmerných štatistických metód - metódy hlavných komponentov a zhlukovej analýzy. Porov...

Descripción completa

Guardado en:
Detalles Bibliográficos
Autor principal: Bajdich, Andrej
Formato: Capítulo de libro
Lenguaje:eslovaco
Materias:
Etiquetas: Agregar Etiqueta
Sin Etiquetas, Sea el primero en etiquetar este registro!

MARC

LEADER 00000naa$a2200000$$$4500
001 0113267
005 20221107083459.3
041 0 |a slo 
044 |a SK 
245 1 0 |a Viacrozmerná analýza zamestnanosti, vzdelanosti a príjmov v high-tech odvetviach krajín EÚ  |c Andrej Bajdich 
520 |a Analýza zamestnanosti, vzdelanosti a príjmov v high-tech technologických sektoroch krajín EÚ, so zameraním na rozdiely medzi pohlaviami, pomocou základných štatistických charakteristík a s aplikáciou vhodných viacrozmerných štatistických metód - metódy hlavných komponentov a zhlukovej analýzy. Porovnanie výsledkov jednotlivých krajín EÚ v daných sektoroch. 
610 2 0 |a zamestnanosť 
610 2 0 |a vzdelanosť 
610 2 0 |a odvetvia priemyselné 
610 2 0 |a priemysel spracovateľský 
610 2 0 |a služby poznatkovo intenzívne 
610 2 0 |a analýzy 
610 2 0 |a príjmy 
610 2 0 |a analýza zhluková 
610 2 0 |a Európska únia 
100 1 |a Bajdich, Andrej